000 00453pab a2200181 454500
008 180718b1999 xxu||||| |||| 00| 0 eng d
100 _aRizwana, A.
245 _aCrime against women and legal aid - a case study
260 _c1999
300 _ap.271-83
362 _aApr-Jun
650 _aLegal aid
650 _aCase studies
650 _aWomen - Crimes against
650 _aWomen
773 _aJournal of Rural Development
909 _a44019
999 _c44019
_d44019